000 00338pab a2200157 454500
008 180718b1999 xxu||||| |||| 00| 0 eng d
100 _aSubramanian, S.
245 _aPolice reforms
260 _c1999
300 _ap.4-5
362 _aJun
650 _aPolice - India
650 _aPolice
773 _aCBI Bulletin
909 _a41991
999 _c41991
_d41991